000 00761nam a22002297a 4500
003 OSt
005 20260422044431.0
008 260422b |||||||| |||| 00| 0 eng d
020 _a971-501-891-2
040 _aDWCL-Main lib
_cOC
082 _aCirc. 266 T239 2001
100 _aKroeger, James H. MM
245 _aTelling God's story :
_bnational mission congress 2000 resources and documents/
_cKroeger, James H. MM
260 _aQC :
_bClaretian Publications,
_cc2001
300 _avii, 140 pages. :
_c23 cm.
650 _a1. catholic church-congress-Philippines
650 _a2. catholic church-missions
650 _a3. Mission-theory
650 _a4. Missions-catechesis
650 _a5. Missions-Philippines
942 _2ddc
_cBK-CIRC
_hCirc.
_n0
999 _c9667
_d9667